000 00487cam a2200205ua 4500
001 8741
005 20260515114355.0
008 150213n xxk |||gr||||Z||||||eng
020 _a0194312844
040 _cMAIN
041 _aeng
082 _a413.1
100 _aCowie, A. P.,
_eEditor.
245 1 _aOxford dictionary of phrasal verbs
_cEdited by A. P. Cowie
250 _a1st.
260 _aLondon:
_bOxford,
_c2001.
300 _axx,520p.
653 _aDictionaries
942 _cBK
999 _c7832
_d7832